[Event "Belgrade-chT Quality"]
[Site "Belgrade"]
[Date "2021.10.30"]
[Round "6.2"]
[White "Mikluc, Davorin"]
[Black "Nikolic, Radisa S"]
[Result "0-1"]
[WhiteElo "2182"]
[BlackElo "2161"]
[PlyCount "128"]
[EventDate "2021.10.16"]
[EventType "team-tourn"]
[EventRounds "11"]
[EventCountry "SRB"]
[SourceTitle "EXT 2023"]
[Source "ChessBase"]
[SourceDate "2022.10.05"]
[SourceVersion "1"]
[SourceVersionDate "2022.10.05"]
[SourceQuality "1"]
[WhiteTeam "Belgrade Banjica"]
[BlackTeam "Belgrade Borca"]
[WhiteTeamCountry "SRB"]
[BlackTeamCountry "SRB"]

1. e4 e5 2. Nf3 Nc6 3. Bb5 a6 4. Ba4 Nf6 5. d3 Bc5 6. 0-0 b5 7. Bb3 Qe7 8. c3 Bb6 9. a4 Rb8 10. axb5 axb5 11. Na3 Na5 12. Ba2 c6 13. Nc2 d6 14. Be3 Bxe3 15. Nxe3 Nb7 16. b4 0-0 17. Bb3 Nd8 18. Qd2 g6 19. Ra3 Be6 20. Bc2 Ng4 21. h3 Nxe3 22. Qxe3 Kg7 23. Ra7 Rb7 24. Rfa1 c5 25. Rxb7 Nxb7 26. Ra7 Qc7 27. Ng5 Bc8 28. Bb3 h6 29. Nxf7 Rxf7 30. Bxf7 Qxf7 31. d4 exd4 32. cxd4 cxb4 33. d5 Qc7 34. Qd4+ Kf7 35. Qh8 Qc1+ 36. Kh2 b3 37. Qh7+ Kf6 38. e5+ Kxe5 39. Qg7+ Kxd5 40. Qf7+ Ke5 41. Qxb3 Qc4 42. Qe3+ Qe4 43. Qc3+ Qd4 44. Qxc8 Qxa7 45. Qe8+ Kd5 46. Qxb5+ Nc5 47. Qe8 Ne6 48. Qxg6 Qxf2 49. Qxh6 Qf4+ 50. Qxf4 Nxf4 51. g3 Nd3 52. g4 Ke4 53. Kg3 d5 54. h4 d4 55. h5 Nf4 56. Kf2 Kd3 57. Kf3 Ne6 58. h6 Kc2 59. Ke4 d3 60. Kf5 Nf8 61. g5 d2 62. g6 d1Q 63. g7 Qh5+ 64. Ke4 Nh7 0-1

[Event "Belgrade-chT Quality"]
[Site "Belgrade"]
[Date "2021.10.29"]
[Round "5.1"]
[White "Stankovic, Boris"]
[Black "Nikolic, Radisa S"]
[Result "1-0"]
[WhiteElo "2145"]
[BlackElo "2161"]
[PlyCount "53"]
[EventDate "2021.10.16"]
[EventType "team-tourn"]
[EventRounds "11"]
[EventCountry "SRB"]
[SourceTitle "EXT 2023"]
[Source "ChessBase"]
[SourceDate "2022.10.05"]
[SourceVersion "1"]
[SourceVersionDate "2022.10.05"]
[SourceQuality "1"]
[WhiteTeam "Belgrade Cirilo i Metodije"]
[BlackTeam "Belgrade Borca"]
[WhiteTeamCountry "SRB"]
[BlackTeamCountry "SRB"]

1. e4 e5 2. Nf3 Nc6 3. Bc4 d6 4. h3 g6 5. d4 Bg7 6. c3 Nf6 7. dxe5 dxe5 8. Qc2 0-0 9. 0-0 h6 10. b4 Re8 11. Rd1 Bd7 12. Nh4 Qc8 13. Nxg6 Bxh3 14. gxh3 Qxh3 15. Rd3 Qh5 16. Rg3 Nxe4 17. Qxe4 Qd1+ 18. Kh2 Qxc1 19. Rg1 Qb2 20. Qg2 Nd4 21. Ne7+ Kf8 22. Qxg7+ Kxe7 23. Qxe5+ Ne6 24. Bxe6 Qxa1 25. Bxf7+ Kf8 26. Rg8+ Kxf7 27. Rg7+ 1-0

[Event "Belgrade-chTB Quality"]
[Site "Belgrade"]
[Date "2018.11.04"]
[Round "11.4"]
[White "Nikolic, Radisa S"]
[Black "Carnic, Dejan"]
[Result "1-0"]
[WhiteElo "2159"]
[BlackElo "2093"]
[PlyCount "51"]
[EventDate "2018.09.29"]
[EventType "team-tourn"]
[EventRounds "11"]
[EventCountry "SRB"]
[SourceTitle "EXT 2022"]
[Source "ChessBase"]
[SourceDate "2021.10.06"]
[SourceVersion "1"]
[SourceVersionDate "2021.10.06"]
[SourceQuality "1"]
[WhiteTeam "Belgrade Borca"]
[BlackTeam "Belgrade Romanticari"]
[WhiteTeamCountry "SRB"]
[BlackTeamCountry "SRB"]

1. e4 e5 2. Nf3 Nc6 3. Bb5 Nf6 4. 0-0 Bc5 5. c3 0-0 6. d4 Bb6 7. Re1 d6 8. h3 Ne7 9. Nbd2 c6 10. Bd3 Ng6 11. Nf1 Nh5 12. Bc2 Re8 13. Bg5 f6 14. Be3 Nhf4 15. Ng3 Kh8 16. Qd2 Bxh3 17. gxh3 Qd7 18. Nf5 Nxh3+ 19. Kh2 Ngf4 20. dxe5 fxe5 21. Nxe5 Rxe5 22. Bxf4 Nxf4 23. Qxf4 Bc7 24. Qd2 g6 25. f4 Ree8 26. Qd4+ 1-0

[Event "Belgrade-chTB Quality"]
[Site "Belgrade"]
[Date "2018.10.14"]
[Round "6.3"]
[White "Nikolic, Radisa S"]
[Black "Krstic, Milos M"]
[Result "0-1"]
[WhiteElo "2159"]
[BlackElo "2171"]
[PlyCount "94"]
[EventDate "2018.09.29"]
[EventType "team-tourn"]
[EventRounds "11"]
[EventCountry "SRB"]
[SourceTitle "CBM 187 Extra"]
[Source "ChessBase"]
[SourceDate "2018.11.04"]
[SourceVersion "1"]
[SourceVersionDate "2018.11.04"]
[SourceQuality "1"]
[WhiteTeam "Belgrade Borca"]
[BlackTeam "Belgrade Polet"]
[WhiteTeamCountry "SRB"]
[BlackTeamCountry "SRB"]

1. e4 e5 2. Nf3 Nf6 3. Nc3 Bb4 4. Bc4 Bxc3 5. dxc3 d6 6. Bg5 h6 7. Bh4 0-0 8. Qe2 Qe7 9. 0-0-0 Be6 10. Rhe1 Nbd7 11. h3 Nc5 12. Nd2 a6 13. f3 b5 14. Bb3 Rfb8 15. g4 a5 16. Kb1 b4 17. cxb4 Rxb4 18. Bxe6 Qxe6 19. c3 Rb7 20. Qc4 Qe7 21. Ka1 a4 22. Rg1 Rab8 23. Rb1 Ra8 24. Rbd1 Rab8 25. Rb1 c6 26. a3 d5 27. Qe2 Nb3+ 28. Ka2 Nxd2 29. Qxd2 Nxe4 30. fxe4 Qxh4 31. exd5 cxd5 32. Qxd5 Qf2 33. Ka1 Rxb2 34. Rgf1 Rxb1+ 35. Rxb1 Rxb1+ 36. Kxb1 Qe1+ 37. Kc2 Qe2+ 38. Kb1 e4 39. Qa8+ Kh7 40. Qxa4 Qf1+ 41. Kb2 Qf3 42. Qc6 Qf2+ 43. Kb3 e3 44. Qc5 Qf3 45. Kc2 e2 46. Kd2 Qf1 47. Qf5+ g6 0-1

[Event "Belgrade-chT"]
[Site "Belgrade"]
[Date "2017.10.01"]
[Round "1.4"]
[White "Milijanovic, Goran"]
[Black "Nikolic, Radisa S"]
[Result "1/2-1/2"]
[WhiteElo "2087"]
[BlackElo "2148"]
[PlyCount "27"]
[EventDate "2017.10.01"]
[EventType "team-tourn"]
[EventRounds "11"]
[EventCountry "SRB"]
[SourceTitle "CBM 181 Extra"]
[Source "ChessBase"]
[SourceDate "2017.12.12"]
[SourceVersion "1"]
[SourceVersionDate "2017.12.12"]
[SourceQuality "1"]
[WhiteTeam "Vreoci Turbina"]
[BlackTeam "Borca"]
[WhiteTeamCountry "SRB"]
[BlackTeamCountry "SRB"]

1. Nf3 d5 2. b3 Nf6 3. Bb2 e6 4. e3 Be7 5. Be2 0-0 6. 0-0 b6 7. c4 Bb7 8. Nc3 c5 9. cxd5 Nxd5 10. Nxd5 Bxd5 11. Qc2 Nd7 12. Rac1 Bf6 13. Rfd1 Bxb2 14. Qxb2 1/2-1/2

[Event "Belgrade Trophy 30th"]
[Site "Belgrade"]
[Date "2016.11.28"]
[Round "5"]
[White "Nikolic, Radisa S"]
[Black "Petrovic, Zoran Z"]
[Result "0-1"]
[WhiteElo "2178"]
[BlackElo "2007"]
[PlyCount "44"]
[EventDate "2016.11.24"]
[EventType "swiss"]
[EventRounds "9"]
[EventCountry "SRB"]
[SourceTitle "CBM 175 Extra"]
[Source "ChessBase"]
[SourceDate "2016.12.12"]
[SourceVersion "1"]
[SourceVersionDate "2016.12.12"]
[SourceQuality "1"]

1. e4 c5 2. Nf3 a6 3. d4 cxd4 4. Nxd4 Nf6 5. Nc3 e5 6. Nb3 Bb4 7. Bg5 Qc7 8. Bxf6 Bxc3+ 9. Nd2 Bxd2+ 10. Qxd2 gxf6 11. 0-0-0 Nc6 12. Qh6 Ke7 13. Qg7 Rf8 14. Kb1 Nd4 15. c3 Ne6 16. Qxh7 b5 17. h4 Bb7 18. Rh3 Nf4 19. Rf3 Rh8 20. Qf5 Rh5 21. Qg4 Bxe4+ 22. Ka1 Bxf3 0-1

[Event "Belgrade Trophy 30th"]
[Site "Belgrade"]
[Date "2016.11.25"]
[Round "2"]
[White "Kislinsky, Alexey"]
[Black "Nikolic, Radisa S"]
[Result "1-0"]
[WhiteElo "2451"]
[BlackElo "2178"]
[PlyCount "61"]
[EventDate "2016.11.24"]
[EventType "swiss"]
[EventRounds "9"]
[EventCountry "SRB"]
[SourceTitle "CBM 175 Extra"]
[Source "ChessBase"]
[SourceDate "2016.12.12"]
[SourceVersion "1"]
[SourceVersionDate "2016.12.12"]
[SourceQuality "1"]

1. e4 e5 2. Nf3 Nc6 3. Bb5 a6 4. Ba4 Nf6 5. 0-0 b5 6. Bb3 Be7 7. a4 Rb8 8. axb5 axb5 9. d4 d6 10. c3 exd4 11. cxd4 0-0 12. d5 Ne5 13. Nd4 c5 14. dxc6 Nxe4 15. Ra7 Rb6 16. Re1 Nf6 17. f4 Ng6 18. Bc2 Nd5 19. Nc3 Nxc3 20. bxc3 Bf6 21. c7 Qd7 22. Bf5 Bxd4+ 23. Qxd4 Qc6 24. Be4 Qc5 25. Be3 Qxd4 26. Bxd4 Ra6 27. Rxa6 Bxa6 28. g3 Re8 29. Ra1 Bc8 30. Bc6 Re7 31. Bb6 1-0

[Event "Belgrade Trophy 29th"]
[Site "Belgrade"]
[Date "2015.12.01"]
[Round "8"]
[White "Nikolic, Radisa S"]
[Black "Zivkovic, Marko"]
[Result "0-1"]
[WhiteElo "2217"]
[BlackElo "2132"]
[PlyCount "108"]
[EventDate "2015.11.24"]
[EventType "swiss"]
[EventRounds "9"]
[EventCountry "SRB"]
[SourceTitle "CBM 170 Extra"]
[Source "ChessBase"]
[SourceDate "2016.02.25"]
[SourceVersion "1"]
[SourceVersionDate "2016.02.25"]
[SourceQuality "1"]

1. e4 c6 2. d4 d5 3. e5 Bf5 4. Bd3 Bxd3 5. Qxd3 e6 6. Nf3 Ne7 7. 0-0 Nd7 8. b3 c5 9. c3 Nc6 10. Bb2 Rc8 11. a3 Na5 12. b4 Nc4 13. Bc1 cxb4 14. cxb4 a5 15. b5 a4 16. Nbd2 Qc7 17. Nxc4 Qxc4 18. Qb1 Qc2 19. Bd2 Qxb1 20. Raxb1 Nb6 21. Rfc1 Rc4 22. Rxc4 Nxc4 23. Bb4 Kd7 24. Ra1 Bxb4 25. axb4 Nb6 26. Ne1 Rc8 27. Nd3 Rc4 28. Kf1 Rxd4 29. Ke2 Rc4 30. g3 Kc7 31. Kd2 h5 32. f3 g5 33. h3 Kd8 34. Rb1 Ke7 35. Nc5 Nd7 36. Nxb7 Nxe5 37. Na5 Nxf3+ 38. Kd1 Rc3 39. b6 Kd7 40. b5 Kc8 41. Rb4 Ne5 42. Rxa4 Nc4 43. b7+ Kb8 44. Nc6+ Kxb7 45. Ra7+ Kb6 46. Rxf7 Rxg3 47. Nd8 e5 48. Rb7+ Kc5 49. Ne6+ Kd6 50. Nf8 d4 51. b6 d3 52. Ke1 d2+ 53. Ke2 Re3+ 54. Kf2 Rf3+ 0-1

[Event "Belgrade Trophy 29th"]
[Site "Belgrade"]
[Date "2015.11.25"]
[Round "2"]
[White "Nikolic, Radisa S"]
[Black "Kovacevic, Radmila"]
[Result "1-0"]
[WhiteElo "2217"]
[BlackElo "2070"]
[PlyCount "129"]
[EventDate "2015.11.24"]
[EventType "swiss"]
[EventRounds "9"]
[EventCountry "SRB"]
[SourceTitle "CBM 170 Extra"]
[Source "ChessBase"]
[SourceDate "2016.02.25"]
[SourceVersion "1"]
[SourceVersionDate "2016.02.25"]
[SourceQuality "1"]

1. e4 d6 2. d4 c6 3. Nf3 Qc7 4. Be3 e5 5. c3 Bg4 6. Nbd2 Nd7 7. Be2 Be7 8. 0-0 h5 9. Re1 Bf6 10. dxe5 dxe5 11. Nc4 Be7 12. Qc2 Ngf6 13. h3 Bxf3 14. Bxf3 Nf8 15. b4 Ne6 16. Be2 g5 17. Rad1 Nf4 18. Bc5 Bxc5 19. bxc5 0-0 20. Rd6 Ne8 21. Rd2 Qe7 22. Nd6 Ng7 23. Bc4 g4 24. hxg4 hxg4 25. Re3 Nfh5 26. Qd1 Qg5 27. g3 Rab8 28. Be2 Nf6 29. Bc4 b6 30. Rb2 b5 31. Bb3 Rbd8 32. Rd2 Rd7 33. a3 Kh7 34. Kg2 Ne6 35. Nxf7 Qh5 36. Bxe6 Qh3+ 37. Kg1 Rdxf7 38. Bxf7 Rxf7 39. Qf1 Qh6 40. Rd6 Qf8 41. Qe2 Qc8 42. Red3 Rf8 43. Qe3 Kg6 44. Kg2 Qc7 45. Qe2 Kg5 46. Qd2+ Kh5 47. Qc1 Qh7 48. Qh1+ Kg6 49. Qxh7+ Kxh7 50. f3 Kg7 51. Rxc6 Rf7 52. Re6 Nd7 53. Rc6 Nf6 54. Rcd6 gxf3+ 55. Rxf3 Nxe4 56. Rxf7+ Kxf7 57. Rd7+ Ke6 58. Rxa7 Nxc5 59. Ra5 Ne4 60. Rxb5 Nxc3 61. Rb3 Na4 62. Rb4 Nc5 63. a4 Kd6 64. a5 e4 65. a6 1-0

[Event "Belgrade tt Cup"]
[Site "Belgrade"]
[Date "2015.04.20"]
[Round "1.1"]
[White "Nikolic, Radisa S"]
[Black "Ivkovic, Milic"]
[Result "1-0"]
[WhiteElo "2219"]
[BlackElo "1000"]
[PlyCount "60"]
[EventDate "2015.04.20"]
[EventType "team-swiss"]
[EventRounds "5"]
[EventCountry "SRB"]
[SourceTitle "CBM 166 Extra"]
[Source "ChessBase"]
[SourceDate "2015.06.18"]
[SourceVersion "1"]
[SourceVersionDate "2015.06.18"]
[SourceQuality "1"]
[WhiteTeam "Borca"]
[BlackTeam "Usce"]
[WhiteTeamCountry "SRB"]
[BlackTeamCountry "SRB"]

1. e4 c5 2. Nf3 Nc6 3. d4 cxd4 4. Nxd4 Nf6 5. Nc3 e5 6. Ndb5 d6 7. Nd5 Nxd5 8. exd5 Nb8 9. c4 Be7 10. c5 0-0 11. Bc4 a6 12. Nxd6 Bxd6 13. cxd6 Qxd6 14. 0-0 b5 15. Bb3 Bb7 16. Be3 Nd7 17. Rc1 Rac8 18. Qd3 Nf6 19. Rxc8 Rxc8 20. Rd1 h6 21. Qf5 Rc7 22. f4 exf4 23. Qxf4 Qxf4 24. Bxf4 Rd7 25. d6 g5 26. Be5 Ng4 27. Bc3 Ne3 28. Re1 b4 29. Bd4 Nf5 30. Re8+ Kh7 1-0

[Event "Belgrade-chT"]
[Site "Belgrade"]
[Date "2014.11.05"]
[Round "13"]
[White "Nikolic, Radisa S"]
[Black "Dakic, Dejan"]
[Result "1-0"]
[WhiteElo "2167"]
[BlackElo "2031"]
[PlyCount "191"]
[EventDate "2014.10.04"]
[EventType "team-tourn"]
[EventRounds "13"]
[EventCountry "SRB"]
[SourceTitle "EXT 2015"]
[Source "ChessBase"]
[SourceDate "2014.11.20"]
[SourceVersion "1"]
[SourceVersionDate "2014.11.20"]
[SourceQuality "1"]

1. e4 c5 2. Nf3 e6 3. d4 cxd4 4. Nxd4 Qb6 5. Nb5 a6 6. Be3 Qa5+ 7. N5c3 Nf6 8. Bd3 Nc6 9. 0-0 Be7 10. Nd2 b5 11. Nb3 Qc7 12. f4 d6 13. Qf3 Bb7 14. Qg3 0-0 15. Qh3 Kh8 16. Rae1 Rfe8 17. a3 Rab8 18. Kh1 b4 19. e5 dxe5 20. fxe5 Nxe5 21. Bf4 Bd6 22. Bxe5 Bxe5 23. Rxf6 g6 24. Rxe5 Qxe5 25. Rxf7 h5 26. axb4 Rf8 27. Rxf8+ Rxf8 28. Qg3 Qf6 29. Qe3 Kg7 30. Nc5 Bc8 31. h3 e5 32. Nd5 Qd6 33. c4 Bf5 34. Ne4 Bxe4 35. Qxe4 Rf7 36. Be2 Rf5 37. c5 Qf8 38. Ne3 Rf2 39. Bd3 Qf6 40. Nd5 Qg5 41. c6 Qc1+ 42. Kh2 Qxc6 43. Qxe5+ Kh7 44. Qc7+ Qxc7+ 45. Nxc7 Rxb2 46. Nxa6 Rd2 47. Nc5 Kg7 48. Kg3 g5 49. Kf3 Rb2 50. b5 g4+ 51. hxg4 hxg4+ 52. Kg3 Kf6 53. Ne4+ Ke5 54. Nf2 Kd4 55. Bf5 Rxb5 56. Bxg4 Rb2 57. Bf3 Ra2 58. Ng4 Rxg2+ 59. Kxg2 Kd3 60. Kf2 Kd4 61. Ke2 Kc3 62. Ke3 Kc4 63. Kd2 Kd4 64. Ke2 Kc3 65. Ke3 Kc4 66. Be4 Kc5 67. Kd3 Kd6 68. Kd4 Ke6 69. Bg6 Kd6 70. Nf6 Ke6 71. Nh7 Kd6 72. Bf7 Ke7 73. Bd5 Kd6 74. Bc4 Kc6 75. Nf8 Kd6 76. Ng6 Kc6 77. Be6 Kd6 78. Bf5 Kc6 79. Be6 Kd6 80. Bd5 Kc7 81. Kc5 Kd7 82. Bf7 Kc7 83. Be8 Kd8 84. Bb5 Kc7 85. Bc6 Kd8 86. Kb6 Kc8 87. Nf4 Kd8 88. Nd5 Kc8 89. Kc5 Kd8 90. Kd6 Kc8 91. Nc7 Kd8 92. Ne6+ Kc8 93. Kc5 Kb8 94. Kb6 Kc8 95. Bb5 Kb8 96. Ba6 1-0

[Event "Belgrade-chT"]
[Site "Belgrade"]
[Date "2014.10.18"]
[Round "5"]
[White "Nikolic, Radisa S"]
[Black "Jakovljevic, Zivota"]
[Result "1/2-1/2"]
[WhiteElo "2167"]
[BlackElo "2068"]
[PlyCount "88"]
[EventDate "2014.10.04"]
[EventType "team-tourn"]
[EventRounds "13"]
[EventCountry "SRB"]
[SourceTitle "EXT 2015"]
[Source "ChessBase"]
[SourceDate "2014.11.20"]
[SourceVersion "1"]
[SourceVersionDate "2014.11.20"]
[SourceQuality "1"]

1. e4 c6 2. d4 d5 3. e5 Bf5 4. Bd3 Bxd3 5. Qxd3 e6 6. Nf3 a6 7. 0-0 Ne7 8. Nc3 Nf5 9. Ne2 c5 10. dxc5 Bxc5 11. c4 dxc4 12. Qxc4 Qc7 13. b3 Nd7 14. Ba3 b5 15. Qe4 0-0 16. Rac1 Qa7 17. b4 Be7 18. g4 Nh4 19. Nfd4 Nb6 20. Nc6 Qb7 21. Bb2 Nc4 22. Bc3 Rac8 23. Ned4 Bd8 24. Rfe1 Bb6 25. Kf1 Bxd4 26. Nxd4 Qxe4 27. Rxe4 g5 28. Nb3 Ng6 29. Nc5 Rfd8 30. Nxa6 Ncxe5 31. Nc5 Nd3 32. Rd1 Nxc5 33. Rxd8+ Rxd8 34. bxc5 Rc8 35. Bd4 Nf4 36. Re1 b4 37. Rc1 Rc6 38. Rb1 Nd5 39. a3 e5 40. Bxe5 f6 41. Bd4 bxa3 42. Rb8+ Kf7 43. Ra8 Nc7 44. Rxa3 Nb5 1/2-1/2

[Event "Belgrade-chT"]
[Site "Belgrade"]
[Date "2014.10.05"]
[Round "2"]
[White "Nikolic, Radisa S"]
[Black "Jeremic, Milan"]
[Result "1/2-1/2"]
[WhiteElo "2167"]
[BlackElo "2149"]
[PlyCount "149"]
[EventDate "2014.10.04"]
[EventType "team-tourn"]
[EventRounds "13"]
[EventCountry "SRB"]
[SourceTitle "EXT 2015"]
[Source "ChessBase"]
[SourceDate "2014.11.20"]
[SourceVersion "1"]
[SourceVersionDate "2014.11.20"]
[SourceQuality "1"]

1. e4 c6 2. d4 d5 3. e5 a6 4. Bd3 c5 5. c3 Nc6 6. Ne2 Qb6 7. dxc5 Qxc5 8. Be3 Qa5 9. f4 Bg4 10. Qb3 Qc7 11. Ng3 g6 12. h3 Be6 13. Bb6 Qc8 14. Nd2 h5 15. 0-0-0 h4 16. Ne2 Nh6 17. Nf3 Nf5 18. Bxf5 gxf5 19. Qa4 Qd7 20. Qb3 a5 21. c4 dxc4 22. Qb5 Nb4 23. Rxd7 Bxd7 24. Qxc4 Rc8 25. Qxc8+ Bxc8 26. Bxa5 e6 27. Rd1 Bd7 28. a3 Nd5 29. Bd2 Ba4 30. Re1 Be7 31. Ned4 Kd7 32. Kb1 Rg8 33. b3 Bc6 34. Nxc6 bxc6 35. Re2 Bxa3 36. Nxh4 Rb8 37. Kc2 Rb5 38. Nf3 c5 39. h4 c4 40. Nd4 cxb3+ 41. Nxb3 Rb8 42. g3 Rc8+ 43. Kd3 Rb8 44. Na5 Rg8 45. Rg2 Be7 46. h5 Ke8 47. Ke2 Bb4 48. Bxb4 Nxf4+ 49. gxf4 Rxg2+ 50. Kf3 Rh2 51. Nc4 Rxh5 52. Nd6+ Kd7 53. Nxf7 Rh3+ 54. Kg2 Rd3 55. Bc5 Kc6 56. Bf2 Kd5 57. Ng5 Ra3 58. Bg3 Ra7 59. Bf2 Ra3 60. Bg3 Ra7 61. Kh3 Ra8 62. Bf2 Ra2 63. Kg3 Ra3+ 64. Kh4 Ra2 65. Kg3 Ra3+ 66. Kg2 Rc3 67. Kf1 Rc2 68. Ke1 Ra2 69. Be3 Ra1+ 70. Ke2 Ra2+ 71. Kf3 Rh2 72. Bf2 Rh8 73. Nf7 Rh7 74. Nd6 Rh3+ 75. Kg2 1/2-1/2

[Event "Belgrade City-chT"]
[Site "Belgrade"]
[Date "2013.11.13"]
[Round "9"]
[White "Kovacic, Misa"]
[Black "Nikolic, Radisa S"]
[Result "1/2-1/2"]
[WhiteElo "2150"]
[BlackElo "2183"]
[PlyCount "38"]
[EventDate "2013.10.26"]
[EventType "team-tourn"]
[EventRounds "11"]
[EventCountry "SRB"]
[SourceTitle "EXT 2015"]
[Source "ChessBase"]
[SourceDate "2014.11.20"]
[SourceVersion "1"]
[SourceVersionDate "2014.11.20"]
[SourceQuality "1"]

1. c4 Nf6 2. Nc3 d5 3. cxd5 Nxd5 4. d4 g6 5. e4 Nxc3 6. bxc3 Bg7 7. Bc4 0-0 8. Ne2 b6 9. 0-0 Bb7 10. f3 Nc6 11. Be3 Na5 12. Bd3 Rc8 13. Rc1 c5 14. Qd2 Qd7 15. Bh6 cxd4 16. Bxg7 Kxg7 17. cxd4 Rxc1 18. Rxc1 Rc8 19. Rxc8 Qxc8 1/2-1/2

[Event "Belgrade City-chT"]
[Site "Belgrade"]
[Date "2013.11.11"]
[Round "7"]
[White "Nikolic, Radisa S"]
[Black "Stanic, Rade"]
[Result "0-1"]
[WhiteElo "2183"]
[BlackElo "2226"]
[PlyCount "40"]
[EventDate "2013.10.26"]
[EventType "team-tourn"]
[EventRounds "11"]
[EventCountry "SRB"]
[SourceTitle "EXT 2015"]
[Source "ChessBase"]
[SourceDate "2014.11.20"]
[SourceVersion "1"]
[SourceVersionDate "2014.11.20"]
[SourceQuality "1"]

1. e4 c5 2. Nf3 Nc6 3. d4 cxd4 4. Nxd4 Nf6 5. Nc3 d6 6. Nxc6 bxc6 7. Bd3 g6 8. 0-0 Bg7 9. Kh1 d5 10. e5 Ng4 11. f4 Qb6 12. Qe1 h5 13. b3 0-0 14. Na4 Qc7 15. Nc5 f6 16. Bxg6 fxe5 17. fxe5 Qxe5 18. Rxf8+ Kxf8 19. Qf1+ Bf6 20. Bf4 Qxa1 0-1

[Event "Belgrade City-chT"]
[Site "Belgrade"]
[Date "2013.11.10"]
[Round "6"]
[White "Jeremic, Milan"]
[Black "Nikolic, Radisa S"]
[Result "1-0"]
[WhiteElo "2147"]
[BlackElo "2183"]
[PlyCount "121"]
[EventDate "2013.10.26"]
[EventType "team-tourn"]
[EventRounds "11"]
[EventCountry "SRB"]
[SourceTitle "EXT 2015"]
[Source "ChessBase"]
[SourceDate "2014.11.20"]
[SourceVersion "1"]
[SourceVersionDate "2014.11.20"]
[SourceQuality "1"]

1. d4 d5 2. Nf3 c6 3. g3 Nf6 4. Bg2 Bf5 5. 0-0 e6 6. b3 Be7 7. Bb2 h6 8. c4 0-0 9. Nc3 Nbd7 10. Re1 Ne4 11. h4 a6 12. Nd2 Ndf6 13. Ndxe4 Nxe4 14. Nxe4 Bxe4 15. Qd2 Bxg2 16. Kxg2 b5 17. Rac1 bxc4 18. bxc4 Rb8 19. c5 Bf6 20. Bc3 Re8 21. f4 g6 22. Ba5 Qe7 23. Bb6 Bg7 24. Qd3 Ra8 25. Rc3 Qf6 26. e3 Qf5 27. Rb1 Qg4 28. Rh1 f6 29. Qd1 Qxd1 30. Rxd1 e5 31. Rb3 exd4 32. Rxd4 Re7 33. Kf3 f5 34. Ra4 Re4 35. Rba3 Rxa4 36. Rxa4 Bf8 37. g4 h5 38. g5 Kf7 39. Ra5 Bg7 40. Ra3 Bf8 41. Ke2 Ke6 42. Kd3 Kd7 43. Kc3 Re8 44. Rxa6 Rxe3+ 45. Kd2 d4 46. Ra8 Be7 47. a4 Ke6 48. a5 Kd5 49. a6 Bxc5 50. Rd8+ Bd6 51. a7 Ra3 52. a8Q Rxa8 53. Rxa8 Bxf4+ 54. Kd3 c5 55. Rd8+ Kc6 56. Ba7 Bg3 57. Kc4 Bxh4 58. Rg8 Kb7 59. Rg7+ Ka8 60. Bxc5 Bxg5 61. Rxg6 1-0

[Event "Belgrade City-chT"]
[Site "Belgrade"]
[Date "2013.11.09"]
[Round "5"]
[White "Nikolic, Radisa S"]
[Black "Novovic, Veljko"]
[Result "1-0"]
[WhiteElo "2183"]
[BlackElo "1839"]
[PlyCount "71"]
[EventDate "2013.10.26"]
[EventType "team-tourn"]
[EventRounds "11"]
[EventCountry "SRB"]
[SourceTitle "EXT 2015"]
[Source "ChessBase"]
[SourceDate "2014.11.20"]
[SourceVersion "1"]
[SourceVersionDate "2014.11.20"]
[SourceQuality "1"]

1. e4 d6 2. d4 Nf6 3. Bd3 g6 4. c4 Bg7 5. Nc3 0-0 6. Nf3 Nbd7 7. 0-0 e5 8. d5 Nc5 9. Bc2 a5 10. h3 Nh5 11. Na4 Nxa4 12. Bxa4 Bd7 13. Bxd7 Qxd7 14. g4 Nf4 15. Bxf4 exf4 16. Kh2 b5 17. Rc1 c5 18. b3 b4 19. Qd2 Be5 20. Nxe5 dxe5 21. Rfd1 Qd6 22. a3 Ra6 23. Ra1 Rfa8 24. Qb2 f6 25. Ra2 Kf7 26. Rda1 Ke7 27. axb4 axb4 28. Rxa6 Rxa6 29. Ra2 g5 30. Qa1 Rxa2 31. Qxa2 Qb6 32. Qa8 h6 33. Kg2 Kd7 34. Qf8 Kc7 35. Qe7+ Kb8 36. d6 1-0

[Event "Belgrade-chT Quality"]
[Site "Belgrade"]
[Date "2012.10.21"]
[Round "4.3"]
[White "Nikolic, Radisa S"]
[Black "Janjic, Stefan"]
[Result "1/2-1/2"]
[WhiteElo "2149"]
[BlackElo "1900"]
[PlyCount "126"]
[EventDate "2012.10.13"]
[EventType "team-tourn"]
[EventRounds "11"]
[EventCountry "SRB"]
[SourceTitle "EXT 2019"]
[Source "ChessBase"]
[SourceDate "2018.10.10"]
[SourceVersion "1"]
[SourceVersionDate "2018.10.10"]
[SourceQuality "1"]

1. e4 e6 2. d4 d5 3. e5 c5 4. c3 Qb6 5. Nf3 Nc6 6. Be2 Bd7 7. 0-0 Nh6 8. dxc5 Bxc5 9. b4 Be7 10. Bd3 Ng4 11. Qe2 f6 12. exf6 gxf6 13. h3 Nge5 14. Nxe5 Nxe5 15. Qh5+ Kd8 16. Be2 Kc7 17. Be3 Qc6 18. b5 Qd6 19. Bf4 Rag8 20. c4 Be8 21. Bxe5 fxe5 22. c5 Qxc5 23. Qxe5+ Bd6 24. Qb2 Kb8 25. Nd2 Qc7 26. Rac1 Qe7 27. Bf3 Rg7 28. Rfe1 Rhg8 29. Kf1 Bg6 30. Re3 Bf4 31. Rb3 Qg5 32. Rd1 Be5 33. h4 Qf6 34. Qa3 Qxh4 35. b6 a6 36. Re3 Bd4 37. Qd6+ Ka8 38. Nc4 Bxe3 39. Nxe3 Qe7 40. Qe5 Be4 41. Bxe4 dxe4 42. Rc1 Qd7 43. Rd1 Qb5+ 44. Qxb5 axb5 45. Rd4 Rc8 46. a4 bxa4 47. Rxa4+ Kb8 48. Rxe4 Rc6 49. Nc4 Kc8 50. g4 Rg5 51. Ne5 Rxb6 52. Rc4+ Kb8 53. Nd7+ Ka7 54. Nxb6 Kxb6 55. Re4 e5 56. Ke2 Kc5 57. Kd3 b5 58. Kc3 h5 59. f3 hxg4 60. fxg4 Kd5 61. Rb4 Kc5 62. Re4 Kd5 63. Rb4 Kc5 1/2-1/2